Перспективы создания эндоскопов на основе оптико-электронных и электронно-оптических компонентов; Качество - стратегия XXI века

Xehetasun bibliografikoak
Parent link:Качество - стратегия XXI века.— 2004.— С. 240-241
Egile nagusia: Чигорко А. А. Антон Александрович
Beste egile batzuk: Василос Г. Георг, Ерофеев С. Ю.
Hizkuntza:errusiera
Argitaratua: 2004
Gaiak:
Formatua: MixedMaterials Liburu kapitulua
KOHA link:https://koha.lib.tpu.ru/cgi-bin/koha/opac-detail.pl?biblionumber=318684

MARC

LEADER 00000naa2a2200000 4500
001 318684
005 20260202115440.0
035 |a (RuTPU)RU\TPU\book\344185 
035 |a RU\TPU\book\226913 
090 |a 318684 
100 |a 20160503d2004 k y0rusy50 ca 
101 0 |a rus 
102 |a RU 
200 1 |a Перспективы создания эндоскопов на основе оптико-электронных и электронно-оптических компонентов  |f А. А. Чигорко, Г. Василос, С. Ю. Ерофеев 
463 0 |0 (RuTPU)RU\TPU\book\95126  |t Качество - стратегия XXI века  |o материалы IX Международной научно-практической конференции, Томск, 2004  |f Администрация Томской области; Томский политехнический университет  |v С. 240-241  |d 2004  |s Качество во имя лучшей жизни 
610 1 |a труды учёных ТПУ 
700 1 |a Чигорко  |b А. А.  |c специалист в области неразрушающего контроля  |c младший научный сотрудник Томского политехнического университета  |f 1984-  |g Антон Александрович  |3 (RuTPU)RU\TPU\pers\31025 
701 1 |a Василос  |b Г.  |g Георг 
701 1 |a Ерофеев  |b С. Ю. 
801 1 |a RU  |b 63413507  |c 20120130 
801 2 |a RU  |b 63413507  |c 20160503  |g RCR 
942 |c BK